00973nas a2200253Ia 4500001001100000003000900011008004100020040001300061040001300074041001300087100005300100210002600153222002600179245011000205250001100315260003400326501008600360300001700446362004300463500012200506650004300628700001900671700002900690R113/44686IT-RoPAU151124c99999999xx |||||||||||| ||und|| aIT-RoPAU cIT-RoPAU aITALIANO aBottino Maria CristinagCodice Aut. SPICS: 30429 aCOMUNICAZIONI SOCIALI aComunicazioni Sociali aCOMUNICAZIONI SOCIALI, ANNO 01-N.3 (LUGLIO/SETTEMBRE 1979)bInduzione di Resistenza Alla Persuasione (L') a1a ed. aMILANObVITA E PENSIEROc1979 bPaulus - SPICS - Società San Paolo EM (non-commercial uses only)cCopyright2015 a7 p. [54-60] aANNO 001, N.03 (LUGLIO/SETTEMBRE 1979) aMomento Storico Teorico e Metodologico degli Esperimenti Principali Risultati degli Esperimenti Momento Applicativo aCOMUNICAZIONEvPUBBLICAZIONE PERIODICA aCalvi Gabriele gCodice Aut. SPICS: 8578